000 00556nam a2200157 i 4500
001 45495
003 ES-MaACL
005 20230906161227.0
007 t|
008 030326s1920 fr ||||1| fre d
100 1 _aCohen, Gustave.
_939495
245 1 0 _aMysteres et moralites du manuscrit 617 de Chantilly /
_cpubliés pour la premièrè fois et prècedès d'un etude linguistique et litteraire par Gustave Cohen.
260 _a[S.l. :
_bs.n.,
_c1920] (
_eAbreville :
_fFrederic Paillart)
300 _aCXLIX, 138 p. ;
_c28 cm.
852 _aES-MaACL
_jC-2084
999 _c45495
_d45495